zpět

Detail výsledku týmu

Bridge Bar, Týn nad Vltavou

Datum a čas kvízu

21 Celkem bodů Celkový počet nahraných bodů na tomto kvízu bez doplňovacích otázek.
7. Pořadí na kvízu Konečné umístění týmu na tomto kvízu.

Zaznamenané odpovědi

# Otázka Odpověď Body Výsledky
1. Zástupci Rady řemeslných cechů... 1
2. Americký astronaut Andrew Feus... 0
3. České herní studio Warhorse pr... 0
4. Z britských obrazovek musela z... 0
5. V utkání druhé německé fotbalo... 0
6. Jistě se mezi Vámi najde mnoho... 1
7. Čemu nebo komu se ve vodáckém... 1
8. Místo, kde říční voda viditeln... 1
9. Část řeky, kde voda teče velmi... 1
10. Kanoistům se mezi vrcholovými... 1